Hegemonías y emancipaciones en el siglo XXI /
Guardado en:
| Hovedforfatter: | |
|---|---|
| Institution som forfatter: | |
| Andre forfattere: | |
| Format: | Texto |
| Udgivet: |
Buenos Aires:
CLACSO
|
| Tags: |
Tilføj Tag
Ingen Tags, Vær først til at tagge denne postø!
|
MARC
| LEADER | 00000 a a2200000 04500 | ||
|---|---|---|---|
| 001 | 30128 | ||
| 003 | |||
| 040 | |||
| 020 | |a 950-9231-99-1 | ||
| 090 | |a 194406 | ||
| 100 | |a Ceceña, Ana Esther | ||
| 110 | |a CLACSO | ||
| 245 | |a Hegemonías y emancipaciones en el siglo XXI / |c Ana Esther Ceceña | ||
| 260 | |a Buenos Aires: |b CLACSO | ||
| 300 | |a 223 p. |b map. | ||
| 700 | |a comp. | ||
| 999 | |c 10899 |d 10899 | ||



